00369nam a2200133Ia 45000010005000000080041000050200022000460820021000681000021000892450059001102600023001699010028001929990015002201321241024s9999 xx 000 0 und d a978-9945-427-56-1 aRD/861.008/M379m aFloriano Martins 0aMáscara de Orfeo (Poesía brasileña y dominicana) bEd. Megabytec2009 a21/3/2011 10:13:37 a.m. c7911d7911